البلاغة والانشاء (Record no. 19486)

MARC details
000 -LEADER
fixed length control field 00491nam a22001817a 4500
005 - DATE AND TIME OF LATEST TRANSACTION
control field 20200504150346.0
008 - FIXED-LENGTH DATA ELEMENTS--GENERAL INFORMATION
fixed length control field 180711b xxu||||| |||| 00| 0 ara d
020 ## - INTERNATIONAL STANDARD BOOK NUMBER
International Standard Book Number 9789953023205
040 ## - CATALOGING SOURCE
Original cataloging agency LB-BrCRDP
082 ## - DEWEY DECIMAL CLASSIFICATION NUMBER
Classification number 892.78 S443b
100 ## - MAIN ENTRY--PERSONAL NAME
Personal name بشارة السبعلي
245 ## - TITLE STATEMENT
Title البلاغة والانشاء
260 ## - PUBLICATION, DISTRIBUTION, ETC.
Place of publication, distribution, etc. لبنان
Name of publisher, distributor, etc. المياسة - المتن
Date of publication, distribution, etc. 2013
300 ## - PHYSICAL DESCRIPTION
Extent ص149
Dimensions سم24
630 ## - SUBJECT ADDED ENTRY--UNIFORM TITLE
Uniform title البلاعة
630 ## - SUBJECT ADDED ENTRY--UNIFORM TITLE
Uniform title الانشاء
942 ## - ADDED ENTRY ELEMENTS (KOHA)
Source of classification or shelving scheme Dewey Decimal Classification
Koha item type Books
Holdings
Withdrawn status Lost status Source of classification or shelving scheme Damaged status Not for loan Home library Current library Date acquired Total Checkouts Full call number Barcode Date last seen Price effective from Koha item type
    Dewey Decimal Classification     مكتبة المطبعة - سن الفيل مكتبة المطبعة - سن الفيل 07/11/2018   892.78 S443b crdp016945 07/11/2018 07/11/2018 Books